000 00695cam a2200205 a 4500
001 000023476
005 20251112115145.0
008 960830s1967 pr 000 0 spa d
040 _aDO-SdBNP
_bspa
_cBNPHU
082 _a985.01
_bG216c
100 1 _aVega, Garcilaso de la
_d1539-1616.
_98821
245 1 0 _aComentarios reales /
_cGarcilaso de la Vega.
260 _aSan Juan, Puerto Rico :
_bDepartamento de Instrucción Pública,
_c1967.
300 _a314 p. ;
_c18 cm.
650 4 _aIncas
_98822
650 0 _aIndígenas de América del Sur
_96752
651 4 _aPerú
_xHistoria
_yHASTA 1548
_93124
650 4 _aLiteratura peruana
_93140
710 1 _aEstado Libre Asociado de Puerto Rico
_948373
999 _c22972
_d22972